000 00485nam a2200181Ia 4500
999 _c34723
_d34723
003 OSt
005 20200826103913.0
008 190216s9999||||xx |||||||||||||| ||und||
020 _a9788188237982
040 _coclc
082 _a530
_bMIT/A
100 _aMittal, P K
_94349
245 0 _aApplied Physics /
_cP K Mittal
260 _bI.K.International,
_c2006.
_aNew Delhi:
300 _a370p
650 _aPhysics
942 _cBK
_2ddc
_h530
_iMIT/A
_k530
_mMIT/A